Možnosti implementácie IKT do súčasného systému pedagogickej praxe na Katedre pedagogiky NHF EU

Nevyhnutnosť využívania informačnej a komunikačnej technológie (IKT) vo vyučovacom procese. Možnosti implementácie IKT do systému pedagogickej praxe na Katedre pedagogiky NHF Ekonomickej univerzity v Bratislave. Návrhy využívania IKT na vyučovacích hodinách.

Guardado en:
Detalles Bibliográficos
Autor principal: Šóš, Ivan, 1977-
Otros Autores: Velichová, Ľudmila
Formato: Capítulo de libro
Lenguaje:eslovaco
Materias:
Etiquetas: Agregar Etiqueta
Sin Etiquetas, Sea el primero en etiquetar este registro!

MARC

LEADER 00000naa$a2200000$$$4500
001 0055331
005 20240502071631.4
041 0 |a slo 
044 |a SK 
245 1 0 |a Možnosti implementácie IKT do súčasného systému pedagogickej praxe na Katedre pedagogiky NHF EU  |c Ivan Šóš, Ľudmila Velichová 
520 |a Nevyhnutnosť využívania informačnej a komunikačnej technológie (IKT) vo vyučovacom procese. Možnosti implementácie IKT do systému pedagogickej praxe na Katedre pedagogiky NHF Ekonomickej univerzity v Bratislave. Návrhy využívania IKT na vyučovacích hodinách. 
610 2 0 |a vzdelávanie vysokoškolské 
610 2 0 |a pedagogika 
610 2 0 |a technológie informačné 
610 2 0 |a technológie komunikačné 
610 2 0 |a učitelia 
610 2 0 |a študenti 
610 2 0 |a vyučovanie 
610 2 0 |a inovácia 
610 2 0 |a projekty 
100 1 |a Šóš, Ivan, 1977- 
700 1 |a Velichová, Ľudmila